Συνθήκη για τη θέσπιση συντάγματος της Ευρώπης

Αποθηκεύτηκε σε:
Λεπτομέρειες βιβλιογραφικής εγγραφής
Συγγραφή απο Οργανισμό/Αρχή: Εθνικό Τυπογραφείο
Μορφή: Βιβλίο
Γλώσσα:Greek
Δημοσίευση: Αθήνα : Εθνικό Τυπογραφείο, 2005
Θέματα:
Ετικέτες: Προσθήκη ετικέτας
Δεν υπάρχουν, Καταχωρήστε ετικέτα πρώτοι!

MARC

LEADER 00000nam a2200000 i 4500
001 1/43183
008 070418s2005 gre d
035 |l 10087541 
040 |a GR-MY-UA  |b gre  |e aacr 
041 0 |a gre 
082 0 |a 341.2422  |2 (22) 
110 2 |a Εθνικό Τυπογραφείο. 
245 1 0 |a Συνθήκη για τη θέσπιση συντάγματος της Ευρώπης /  |c Εθνικό Τυπογραφείο 
260 |a Αθήνα :   |b Εθνικό Τυπογραφείο,   |c 2005 
300 |a 48σ.;  |c 34 εκ. 
500 |a Για πληροφορίες: www.europe4me.gr 
500 |a Έκδοση (Απρίλιος, 2005) σχετική με την επίσημη εφημερίδα της Ευρωπαϊκής Ένωσης - Ευρωπαίκές Κοινότητες, 2004 
650 0 0 |a Constitutional law  |z European Union countries. 
650 0 0 |a Law  |z European Union countries. 
651 0 |a European Union countries. 
852 |a INST  |b CHIOS  |e 20070418  |h 341.2422 ΕΘΝ  |p 005200028991  |q 005200028991  |t BK  |y 0 
901 |a BIBL2-2007-1 
909 |a Χ  |b 130990 
970 |a ΒΑΣΙΛΑΚΗ  |b ΝΙΚΗ  |z 2007/04/18